[Event "CGC KO 2022"]
[Site "chess.com INT"]
[Date "2022.09.15"]
[Round "1.1"]
[White "Abdusattorov, Nodirbek"]
[Black "Gelfand, Boris"]
[Result "1-0"]
[WhiteTitle "GM"]
[BlackTitle "GM"]
[WhiteElo "2713"]
[BlackElo "2668"]
[WhiteFideId "14204118"]
[BlackFideId "2805677"]
[EventDate "2022.09.14"]
[EventType "k.o."]

1. d4 Nf6 2. c4 e6 3. Nc3 Bb4 4. e3 O-O 5. Bd2 c5 6. a3 Bxc3 7. Bxc3 Ne4 8. Ne2
b6 9. d5 Ba6 10. Qd3 exd5 11. Qxd5 Qe7 12. b3 Nc6 13. Bb2 Na5 14. Ng3 Bb7 15.
Qd3 f5 16. f3 Nxg3 17. hxg3 d5 18. cxd5 Rad8 19. Qc3 Rfe8 20. Kf2 Bxd5 21. Bb5
Bc6 22. Be2 Bd5 23. b4 Nb7 24. Rh5 Rd6 25. Rxf5 Be6 26. Re5 h6 27. Rd1 Qf7 28.
Bc4 cxb4 29. axb4 Rc6 30. Rxe6 Rexe6 31. Bxe6 Rxe6 32. Qxg7+ Qxg7 33. Bxg7 1-0

[Event "CGC KO 2022"]
[Site "chess.com INT"]
[Date "2022.09.14"]
[Round "1.1"]
[White "Alekseenko, Kirill"]
[Black "Martinez Alcantara, Jose Eduardo"]
[Result "0-1"]
[WhiteTitle "GM"]
[BlackTitle "GM"]
[WhiteElo "2707"]
[BlackElo "2591"]
[WhiteFideId "4135539"]
[BlackFideId "3805662"]
[EventDate "2022.09.14"]
[EventType "k.o."]

1. e4 c5 2. Nf3 d6 3. Nc3 Nf6 4. Be2 Nc6 5. O-O Bg4 6. h3 Bxf3 7. Bxf3 g6 8. d3
Bg7 9. g3 O-O 10. Be3 Rb8 11. a4 a6 12. Qd2 b5 13. axb5 axb5 14. Rae1 b4 15. Nd1
Ra8 16. Bg2 Nd7 17. f4 Qc7 18. c3 Ra2 19. cxb4 Nxb4 20. Nc3 Ra5 21. Kh2 Rb8 22.
Rd1 Bd4 23. f5 Ne5 24. Qe2 Bxe3 25. Qxe3 Qd8 26. Rf2 Ra7 27. d4 cxd4 28. Qxd4
Qb6 29. Qd2 Nc4 30. Qf4 Qe3 31. fxg6 Qxf4 32. gxh7+ Kxh7 33. Rxf4 Ne5 34. Bf1
Rab7 35. Rd2 Kg7 36. Rdf2 e6 37. Rd2 Rb6 38. Rff2 Kf8 39. g4 Ke7 40. Kg3 Nbc6
41. g5 Na5 42. h4 Nb3 43. Rd1 Nc5 44. Rdd2 Nb3 45. Rd1 Nc5 46. Rdd2 Rb3 47. Bg2
Ncd3 48. Rfe2 Nxb2 49. Rc2 Nbc4 50. Kh2 Rh8 51. Kg3 Ng6 52. Rf2 Nce5 53. Bf1 Rc8
54. h5 Rcxc3+ 55. Rxc3 Rxc3+ 56. Kg2 Nh4+ 57. Kg1 Rg3+ 58. Kh2 Rxg5 59. Be2 Ng4+
60. Bxg4 Rxg4 61. Kh3 Rxe4 62. h6 Ng6 0-1

[Event "CGC KO 2022"]
[Site "chess.com INT"]
[Date "2022.09.15"]
[Round "1.1"]
[White "Anand, Viswanathan"]
[Black "Ponkratov, Pavel"]
[Result "1/2-1/2"]
[WhiteTitle "GM"]
[BlackTitle "GM"]
[WhiteElo "2756"]
[BlackElo "2593"]
[WhiteFideId "5000017"]
[BlackFideId "4157800"]
[EventDate "2022.09.14"]
[EventType "k.o."]

1. e4 e6 2. d4 d5 3. Nc3 Bb4 4. e5 c5 5. a3 Bxc3+ 6. bxc3 Nc6 7. Qg4 g6 8. h4 h6
9. Nf3 Qa5 10. Bd2 Qa4 11. Ra2 Bd7 12. Qf4 c4 13. Be2 Nge7 14. Nh2 O-O-O 15. Ng4
h5 16. Nf6 Nf5 17. f3 Nce7 18. Kf2 Qa5 19. g4 hxg4 20. fxg4 Nxh4 21. Qg5 Nhf5
22. Nh7 Nc6 23. gxf5 gxf5 24. Raa1 Qa4 25. Rac1 Qxa3 26. Qf6 Qb2 27. Qxf7 a5 28.
Nf6 Rxh1 29. Rxh1 Qxc2 30. Rd1 a4 31. Nxd7 Rxd7 32. Qxe6 a3 33. Qf6 a2 34. Qf8+
Rd8 35. Qa3 Rh8 36. Bf3 Rh2+ 37. Ke1 Qd3 38. Qf8+ Kc7 39. Qd6+ Kc8 40. Qf8+ Kc7
41. Qd6+ Kc8 42. Qf8+ 1/2-1/2

[Event "CGC KO 2022"]
[Site "chess.com INT"]
[Date "2022.09.15"]
[Round "1.1"]
[White "Andreikin, Dmitry"]
[Black "Hakobyan, Aram"]
[Result "1/2-1/2"]
[WhiteTitle "GM"]
[BlackTitle "GM"]
[WhiteElo "2729"]
[BlackElo "2611"]
[WhiteFideId "4158814"]
[BlackFideId "13306677"]
[EventDate "2022.09.14"]
[EventType "k.o."]

1. Nf3 d5 2. g3 g6 3. Bg2 Bg7 4. d4 Nf6 5. O-O O-O 6. c3 c6 7. Nbd2 Nbd7 8. Re1
c5 9. e4 dxe4 10. Nxe4 Nxe4 11. Rxe4 cxd4 12. cxd4 Nf6 13. Re1 Nd5 14. Qb3 b6
15. h4 Bb7 16. h5 Qd6 17. h6 Bf6 18. Bd2 Rac8 19. Ne5 Rc7 20. a4 a5 21. Rac1
Rxc1 22. Bxc1 Ba8 23. Bd2 Rc8 24. Qb5 Nc7 25. Qc4 Bxe5 26. Rxe5 Bxg2 27. Kxg2
Qd7 28. Bg5 Ne6 29. Qb5 Qxb5 30. Rxb5 Nxg5 31. Rxg5 f5 32. g4 e6 33. d5 Kf7 34.
dxe6+ Kf6 35. f4 fxg4 36. Rb5 Rc4 37. Rxb6 Rxa4 38. Rb7 Kxe6 39. Kg3 Kf6 40.
Rxh7 g5 41. f5 Rb4 42. Ra7 Kxf5 43. Rxa5+ Kg6 44. Ra6+ Kh7 45. Rd6 Rxb2 46. Kxg4
Rb4+ 47. Kh5 Rb7 48. Kxg5 Rb5+ 49. Kf6 Kxh6 50. Re6 Rb1 51. Re4 Rf1+ 52. Ke5 Kg5
53. Kd4 Rf4 54. Rxf4 Kxf4 1/2-1/2

[Event "CGC KO 2022"]
[Site "chess.com INT"]
[Date "2022.09.17"]
[Round "1.1"]
[White "Aronian, Levon"]
[Black "Theodorou, Nikolas"]
[Result "1-0"]
[WhiteTitle "GM"]
[BlackTitle "GM"]
[WhiteElo "2759"]
[BlackElo "2598"]
[WhiteFideId "13300474"]
[BlackFideId "4262875"]
[EventDate "2022.09.14"]
[EventType "k.o."]

1. d4 Nf6 2. c4 g6 3. Nc3 Bg7 4. e4 d6 5. Be2 O-O 6. Be3 c5 7. d5 e6 8. Nf3 exd5
9. cxd5 b5 10. e5 dxe5 11. Bxc5 Re8 12. Bxb5 Nbd7 13. Be3 Ng4 14. Qd2 Nxe3 15.
Qxe3 Rb8 16. O-O a6 17. Bc6 Rxb2 18. Ne4 Rf8 19. Rfb1 Rxb1+ 20. Rxb1 Nf6 21.
Nxf6+ Bxf6 22. Nxe5 Bf5 23. Rd1 Qa5 24. a4 Rd8 25. h3 h5 26. g4 hxg4 27. hxg4
Bc2 28. Rc1 Bxa4 29. Nxf7 Kxf7 30. Bxa4 Kg7 31. g5 Bxg5 32. Qxg5 Rxd5 33. Rc7+
Qxc7 34. Qxd5 Qf4 35. Bd1 Kh6 36. Qh1+ Kg7 37. Qb7+ Kh6 38. Qxa6 Qg5+ 39. Kf1
Qd5 40. Qa4 Qh1+ 41. Ke2 Qh5+ 42. f3 Qh2+ 43. Kd3 Qd6+ 44. Qd4 Qa6+ 45. Kd2 Qa5+
46. Ke2 Qa6+ 47. Kf2 Qa2+ 48. Be2 Kh7 49. Qe5 Qd2 50. Kg2 Qd7 51. Qe4 Qd8 52.
Qe3 Qf6 53. Bd3 Qb2+ 54. Kg3 Qf6 55. Qe4 Qg5+ 56. Kh3 Kh8 57. Qh4+ 1-0

[Event "CGC KO 2022"]
[Site "chess.com INT"]
[Date "2022.09.14"]
[Round "1.1"]
[White "Ding, Liren"]
[Black "Le, Tuan Minh"]
[Result "0-1"]
[WhiteTitle "GM"]
[BlackTitle "IM"]
[WhiteElo "2808"]
[BlackElo "2542"]
[WhiteFideId "8603677"]
[BlackFideId "12401153"]
[EventDate "2022.09.14"]
[EventType "k.o."]

1. e4 c5 2. Nf3 Nf6 3. e5 Nd5 4. Nc3 e6 5. Ne4 f5 6. Nc3 Nb4 7. a3 N4c6 8. b4 d5
9. exd6 Bxd6 10. Bc4 Nd4 11. Nb5 Nbc6 12. Nxd6+ Qxd6 13. O-O O-O 14. Bb2 b5 15.
Ba2 cxb4 16. axb4 Bb7 17. Re1 Nxf3+ 18. Qxf3 Rae8 19. Re3 Kh8 20. Rae1 e5 21.
Qh5 Qxd2 22. Bc1 Qxb4 23. Ba3 Qf4 24. Bf7 Rd8 25. Bxf8 Rxf8 26. Bd5 e4 27. f3 g6
28. Qh3 Nd8 29. g3 Qg5 30. fxe4 fxe4 31. Bxe4 Bxe4 32. Rxe4 Nc6 33. Qd7 Qc5+ 34.
Kh1 Qf2 35. Qd3 a6 36. Qc3+ Kg8 37. R4e2 Qf3+ 38. Qxf3 Rxf3 39. Kg2 Rc3 40. Rf2
a5 41. Re8+ Kg7 42. Rc8 b4 43. Rc7+ Kh6 44. h4 Nd4 45. Rxc3 bxc3 46. g4 Kg7 47.
Kg3 a4 48. Kf4 a3 49. Ke4 a2 0-1

[Event "CGC KO 2022"]
[Site "chess.com INT"]
[Date "2022.09.17"]
[Round "1.1"]
[White "Dominguez Perez, Leinier"]
[Black "Chigaev, Maksim"]
[Result "1-0"]
[WhiteTitle "GM"]
[BlackTitle "GM"]
[WhiteElo "2745"]
[BlackElo "2641"]
[WhiteFideId "3503240"]
[BlackFideId "4108116"]
[EventDate "2022.09.14"]
[EventType "k.o."]

1. e4 e5 2. Nf3 Nc6 3. Bb5 a6 4. Ba4 Nf6 5. O-O Be7 6. Re1 b5 7. Bb3 O-O 8. a4
b4 9. d4 d6 10. dxe5 Nxe5 11. Nxe5 dxe5 12. Bg5 Qxd1 13. Rxd1 Bg4 14. f3 Bc5+
15. Kf1 Be6 16. Nd2 h6 17. Bh4 a5 18. Bf2 Bd4 19. Rab1 c5 20. Ke2 Rac8 21. Bc4
Bd7 22. Bb3 Rfd8 23. Nc4 Be6 24. Be1 Nxe4 25. fxe4 Bg4+ 26. Kf1 Rc6 27. Rd2 Rf6+
28. Bf2 Rd7 29. h3 Be6 30. Nxa5 Be3 31. Re2 Rd4 32. Bxe6 Rxe4 33. Bd5 1-0

[Event "CGC KO 2022"]
[Site "chess.com INT"]
[Date "2022.09.17"]
[Round "1.1"]
[White "Duda, Jan-Krzysztof"]
[Black "Mitrabha, Guha"]
[Result "1-0"]
[WhiteTitle "GM"]
[BlackTitle "GM"]
[WhiteElo "2731"]
[BlackElo "2471"]
[WhiteFideId "1170546"]
[BlackFideId "5057000"]
[EventDate "2022.09.14"]
[EventType "k.o."]

1. e4 e6 2. d4 d5 3. Nc3 Bb4 4. e5 c5 5. a3 Bxc3+ 6. bxc3 Qc7 7. Qg4 f6 8. Nf3
c4 9. a4 Nc6 10. Qg3 Qf7 11. Be2 Nge7 12. Nh4 g5 13. Nf3 Nf5 14. Qh3 h5 15. g4
Nh4 16. exf6 hxg4 17. Qxg4 e5 18. Qxg5 Nxf3+ 19. Bxf3 e4 20. Be2 Be6 21. h4
O-O-O 22. Qg3 Rdg8 23. Bg5 Qd7 24. Rb1 Nd8 25. Rb5 b6 26. Kd2 Nf7 27. Rhb1 Qc7
28. Qxc7+ Kxc7 29. a5 Nxg5 30. axb6+ axb6 31. hxg5 Rxg5 32. Rxb6 Bc8 33. R6b5
Rh2 34. Rc5+ Kd7 35. f7 Rxf2 36. Rf1 Rxf1 37. Bxf1 Ke7 38. Rc7+ Kf8 39. Rxc8+
Kxf7 40. Rc5 Ke6 41. Bxc4 1-0

[Event "CGC KO 2022"]
[Site "chess.com INT"]
[Date "2022.09.16"]
[Round "1.1"]
[White "Erigaisi, Arjun"]
[Black "Paravyan, David"]
[Result "1-0"]
[WhiteTitle "GM"]
[BlackTitle "GM"]
[WhiteElo "2725"]
[BlackElo "2592"]
[WhiteFideId "35009192"]
[BlackFideId "4194985"]
[EventDate "2022.09.14"]
[EventType "k.o."]

1. d4 Nf6 2. Bf4 g6 3. Nc3 d5 4. e3 Bg7 5. h4 h5 6. Nf3 O-O 7. Ne5 c5 8. Qd2
cxd4 9. exd4 Nc6 10. f3 Bf5 11. Bb5 Nxe5 12. dxe5 Nd7 13. O-O-O Nxe5 14. Rhe1
Nc6 15. Bh6 Bxh6 16. Qxh6 e6 17. g4 hxg4 18. h5 Qf6 19. fxg4 Bxg4 20. Rg1 Ne5
21. Rde1 Bf5 22. Qf4 Nc6 23. Bd3 Qd4 24. Qg3 Bxd3 25. cxd3 Nb4 26. Kd2 Kg7 27.
hxg6 f5 28. Rxe6 Rac8 29. Re7+ Kf6 30. Qg5# 1-0

[Event "CGC KO 2022"]
[Site "chess.com INT"]
[Date "2022.09.14"]
[Round "1.1"]
[White "Esipenko, Andrey"]
[Black "Amin, Bassem"]
[Result "1/2-1/2"]
[WhiteTitle "GM"]
[BlackTitle "GM"]
[WhiteElo "2678"]
[BlackElo "2663"]
[WhiteFideId "24175439"]
[BlackFideId "10601457"]
[EventDate "2022.09.14"]
[EventType "k.o."]

1. e4 e5 2. Nf3 Nc6 3. Bb5 Nf6 4. d3 d6 5. c3 Be7 6. O-O O-O 7. Re1 a6 8. Ba4
Re8 9. Nbd2 Bf8 10. d4 b5 11. Bc2 exd4 12. cxd4 Bg4 13. Nf1 Nb4 14. Bb1 c5 15.
d5 Bxf3 16. gxf3 a5 17. Ng3 g6 18. Bd2 Bg7 19. a3 Na6 20. a4 c4 21. axb5 Nc5 22.
Bc3 Nfd7 23. Bxg7 Kxg7 24. Qd4+ Qf6 25. Qxf6+ Kxf6 26. Ne2 Ne5 27. Kg2 Reb8 28.
Nc3 g5 29. Bc2 Ng6 30. Ra3 Nf4+ 31. Kf1 Ncd3 32. Bxd3 Nxd3 33. Rea1 Nxb2 34.
Rxa5 Rxa5 35. Rxa5 Ke5 36. Ke2 Kd4 37. Kd2 Nd3 38. Ra7 Ne5 39. Kc2 Nxf3 40. Rxf7
g4 41. Rxh7 Ne1+ 42. Kd2 Nf3+ 43. Kc2 Ne1+ 44. Kd2 Nf3+ 45. Kc2 1/2-1/2

[Event "CGC KO 2022"]
[Site "chess.com INT"]
[Date "2022.09.15"]
[Round "1.1"]
[White "Fedoseev, Vladimir3"]
[Black "Kamsky, Gata"]
[Result "1-0"]
[WhiteTitle "GM"]
[BlackTitle "GM"]
[WhiteElo "2685"]
[BlackElo "2666"]
[WhiteFideId "24130737"]
[BlackFideId "2000024"]
[EventDate "2022.09.14"]
[EventType "k.o."]

1. Nf3 Nf6 2. g3 g6 3. d4 d5 4. Bg2 Bg7 5. O-O O-O 6. Ne5 c6 7. Nc3 Nbd7 8. f4
Ne8 9. e4 dxe4 10. Nxe4 Nxe5 11. fxe5 f6 12. c3 Qb6 13. exf6 Nxf6 14. Qb3+ Qxb3
15. axb3 Nxe4 16. Rxf8+ Kxf8 17. Bxe4 Be6 18. b4 Bc4 19. Bf4 a6 20. Kf2 Rd8 21.
Ke3 Kf7 22. g4 h6 23. h4 Rh8 24. Ra5 Bf6 25. Be5 Rd8 26. Bc7 Rh8 27. h5 g5 28.
b5 Bxb5 29. b3 c5 30. Bd5+ Kg7 31. dxc5 Bxc3 32. Rxb5 axb5 33. Bxb7 Rf8 34. c6
Kf6 35. Bg3 Ke6 36. Ke4 1-0

[Event "CGC KO 2022"]
[Site "chess.com INT"]
[Date "2022.09.15"]
[Round "1.1"]
[White "Giri, Anish"]
[Black "Ju, Wenjun"]
[Result "1/2-1/2"]
[WhiteTitle "GM"]
[BlackTitle "GM"]
[WhiteElo "2764"]
[BlackElo "2560"]
[WhiteFideId "24116068"]
[BlackFideId "8603006"]
[EventDate "2022.09.14"]
[EventType "k.o."]

1. c4 Nf6 2. Nf3 e6 3. Nc3 d5 4. e3 Be7 5. b3 c5 6. cxd5 exd5 7. d4 O-O 8. Bb2
cxd4 9. Nxd4 Nc6 10. Be2 Be6 11. O-O Rc8 12. Rc1 Qd7 13. Nxc6 bxc6 14. Na4 Ne4
15. Ba6 Rc7 16. f3 Nd6 17. Nc5 Qd8 18. Be5 Bf6 19. Bf4 Bg5 20. Bxg5 Qxg5 21. Qd2
Bc8 22. Rfe1 Re8 23. Bxc8 Rcxc8 24. Re2 h6 25. Rd1 Rcd8 26. e4 Qe7 27. Qc2 dxe4
28. Nxe4 Nxe4 29. Rxd8 Qxd8 30. Rxe4 Rxe4 31. Qxe4 Qd1+ 32. Kf2 Qd2+ 33. Qe2
Qd4+ 34. Qe3 Qb2+ 35. Qe2 Qd4+ 36. Qe3 Qb2+ 37. Qe2 Qd4+ 1/2-1/2

[Event "CGC KO 2022"]
[Site "chess.com INT"]
[Date "2022.09.17"]
[Round "1.1"]
[White "Grischuk, Alexander"]
[Black "Bok, Benjamin"]
[Result "1/2-1/2"]
[WhiteTitle "GM"]
[BlackTitle "GM"]
[WhiteElo "2745"]
[BlackElo "2618"]
[WhiteFideId "4126025"]
[BlackFideId "1017063"]
[EventDate "2022.09.14"]
[EventType "k.o."]

1. Nf3 Nf6 2. g3 d5 3. Bg2 c5 4. O-O g6 5. c4 Bg7 6. cxd5 Nxd5 7. Nc3 Nc6 8.
Nxd5 Qxd5 9. d3 O-O 10. Be3 Bd7 11. Nd4 Qd6 12. Nxc6 Bxc6 13. Bxc6 Qxc6 14. Rc1
Qe6 15. Rxc5 Qxa2 16. Rb5 b6 17. Qb3 Qa6 18. h4 Rfc8 19. h5 e6 20. h6 Bf8 21. d4
Rd8 22. d5 exd5 23. Rxd5 Qxe2 24. Rfd1 Rxd5 25. Qxd5 Re8 26. Rd2 Qe1+ 27. Kg2
Rxe3 28. fxe3 Qxe3 29. Rf2 Qe8 30. Qg5 Qc6+ 31. Kh2 Qc5 32. Qxc5 bxc5 33. b3
Bxh6 34. Ra2 Bf8 35. g4 Kg7 36. Rxa7 h5 37. gxh5 gxh5 38. Ra6 f6 39. Kg3 Kg6 40.
Kf4 Bh6+ 41. Ke4 h4 42. Rc6 h3 43. Kf3 Be3 44. Kg3 Kf5 45. Kxh3 Bd4 46. Kg3 Ke4
47. Rc8 Kd3 48. Kg4 Kc3 49. Rb8 c4 50. bxc4 Kxc4 51. Kf5 Be5 52. Rf8 Kd4 53.
Rxf6 Bxf6 1/2-1/2

[Event "CGC KO 2022"]
[Site "chess.com INT"]
[Date "2022.09.14"]
[Round "1.1"]
[White "Kramnik, Vladimir"]
[Black "Melkumyan, Hrant"]
[Result "1-0"]
[WhiteTitle "GM"]
[BlackTitle "GM"]
[WhiteElo "2753"]
[BlackElo "2645"]
[WhiteFideId "4101588"]
[BlackFideId "13302485"]
[EventDate "2022.09.14"]
[EventType "k.o."]

1. e4 c6 2. d4 d5 3. e5 Bf5 4. h4 h5 5. Bd3 Bxd3 6. Qxd3 Qa5+ 7. b4 Qa6 8. Qd1
e6 9. c3 Ne7 10. Ne2 Nd7 11. a4 Nf5 12. Nd2 Be7 13. Nf3 b6 14. g3 c5 15. b5 Qb7
16. O-O a6 17. Bg5 axb5 18. axb5 Rxa1 19. Qxa1 O-O 20. Bxe7 Nxe7 21. Nf4 Ra8 22.
Qd1 g6 23. Ng5 Nf8 24. g4 hxg4 25. h5 cxd4 26. cxd4 Qc8 27. Qxg4 Qc2 28. hxg6
Nexg6 29. Nh5 Nd7 30. Nxe6 fxe6 31. Qxe6+ Kh8 32. Qxd7 Rg8 33. Ng3 Nf4 34. Kh2
Qg6 35. Rh1 Qh6+ 36. Kg1 Ne2+ 37. Kg2 Nf4+ 38. Kf1 1-0

[Event "CGC KO 2022"]
[Site "chess.com INT"]
[Date "2022.09.16"]
[Round "1.1"]
[White "Mamedyarov, Shakhriyar"]
[Black "Kovalev, Vladislav"]
[Result "1-0"]
[WhiteTitle "GM"]
[BlackTitle "GM"]
[WhiteElo "2757"]
[BlackElo "2623"]
[WhiteFideId "13401319"]
[BlackFideId "13504398"]
[EventDate "2022.09.14"]
[EventType "k.o."]

1. d4 Nf6 2. c4 e6 3. Nf3 d5 4. Nc3 c5 5. e3 Nc6 6. cxd5 exd5 7. Bb5 cxd4 8.
exd4 Bd6 9. O-O O-O 10. Bg5 Bg4 11. Be2 Re8 12. h3 Bxf3 13. Bxf3 h6 14. Be3 Qd7
15. Re1 Ne7 16. Qd3 a6 17. a3 Nf5 18. Bd2 Nh4 19. Rxe8+ Rxe8 20. Bd1 Qf5 21. Bc2
Ne4 22. Nxe4 dxe4 23. Qe2 Bf4 24. Bxf4 Qxf4 25. Qg4 Qg5 26. d5 Nf5 27. Qxg5 hxg5
28. Kf1 Nd6 29. Ke2 f5 30. Ke3 Kf7 31. Bb3 Rc8 32. Kd4 Kf6 33. a4 g6 34. Re1 a5
35. f3 b6 36. fxe4 Nxe4 37. Bc4 Rd8 38. Bb5 Nc5 39. Bc6 g4 40. hxg4 fxg4 41. Kc4
g3 42. b4 axb4 43. a5 b3 44. axb6 Nd7 45. b7 Ne5+ 46. Kxb3 Nd3 47. Re3 Nf4 48.
Rxg3 Ke5 49. Kc4 Rh8 50. Kc5 Rd8 51. Re3+ Kf6 52. Re8 1-0

[Event "CGC KO 2022"]
[Site "chess.com INT"]
[Date "2022.09.15"]
[Round "1.1"]
[White "Navara, David"]
[Black "Adams, Michael"]
[Result "1/2-1/2"]
[WhiteTitle "GM"]
[BlackTitle "GM"]
[WhiteElo "2681"]
[BlackElo "2689"]
[WhiteFideId "309095"]
[BlackFideId "400041"]
[EventDate "2022.09.14"]
[EventType "k.o."]

1. e4 e5 2. Nf3 Nc6 3. Bb5 a6 4. Ba4 Nf6 5. O-O Be7 6. Re1 b5 7. Bb3 O-O 8. d4
Nxd4 9. Bxf7+ Rxf7 10. Nxe5 Rf8 11. Qxd4 Bb7 12. Nc3 c5 13. Qd1 b4 14. Nd5 Nxd5
15. exd5 Bd6 16. f4 Qc7 17. c4 bxc3 18. bxc3 c4 19. Rb1 Rae8 20. Kh1 Ba8 21. Rb2
Bxe5 22. Rbe2 Bxc3 23. Rxe8 Bxe1 24. Rxf8+ Kxf8 25. Ba3+ d6 26. Qxe1 Bxd5 27.
Qe5 Qc6 28. Bxd6+ Kg8 29. Qe7 h6 30. Qf8+ Kh7 31. Qf5+ Kg8 32. Qf8+ Kh7 33. Qf5+
Kg8 34. Qf8+ 1/2-1/2

[Event "CGC KO 2022"]
[Site "chess.com INT"]
[Date "2022.09.16"]
[Round "1.1"]
[White "Nepomniachtchi, Ian"]
[Black "Muradli, Mahammad"]
[Result "1-0"]
[WhiteTitle "GM"]
[BlackTitle "GM"]
[WhiteElo "2792"]
[BlackElo "2555"]
[WhiteFideId "4168119"]
[BlackFideId "13409301"]
[EventDate "2022.09.14"]
[EventType "k.o."]

1. d4 Nf6 2. c4 e6 3. Nf3 d5 4. g3 Bb4+ 5. Bd2 Be7 6. Bg2 c6 7. Qc2 b6 8. O-O
Nbd7 9. Nc3 Ba6 10. cxd5 cxd5 11. Rfc1 O-O 12. h4 b5 13. a3 Qb6 14. Bf4 Rfc8 15.
Qd1 h6 16. e3 b4 17. axb4 Bxb4 18. Nd2 Bd3 19. Nb3 Bc4 20. Nd2 Bd3 21. Qb3 Bxc3
22. Rxc3 Qxb3 23. Rxb3 Bg6 24. Rc3 Nb6 25. Bd6 Rxc3 26. bxc3 Rc8 27. Bb4 Rc7 28.
f3 Bd3 29. Kf2 Bb5 30. g4 Na4 31. Bf1 Bxf1 32. Kxf1 Nb6 33. Ke2 h5 34. g5 Nfd7
35. Kd3 f6 36. gxf6 gxf6 37. Bd6 Rb7 38. e4 Kf7 39. Rb1 Nf8 40. c4 dxc4+ 41.
Nxc4 Ng6 42. Bg3 Ke7 43. Rb5 f5 44. exf5 exf5 45. Nd6 Rd7 46. Nxf5+ Kf6 47. Ne3
Rh7 48. Ra5 1-0

[Event "CGC KO 2022"]
[Site "chess.com INT"]
[Date "2022.09.14"]
[Round "1.1"]
[White "Nihal, Sarin"]
[Black "Mamedov, Rauf"]
[Result "1-0"]
[WhiteTitle "GM"]
[BlackTitle "GM"]
[WhiteElo "2677"]
[BlackElo "2646"]
[WhiteFideId "25092340"]
[BlackFideId "13401653"]
[EventDate "2022.09.14"]
[EventType "k.o."]

1. e4 c5 2. Nf3 g6 3. c3 d5 4. exd5 Qxd5 5. d4 Bg7 6. Na3 cxd4 7. Nb5 Na6 8.
Nbxd4 Nf6 9. Bb5+ Bd7 10. Bxa6 bxa6 11. O-O O-O 12. Re1 Rfe8 13. Ne5 Rab8 14. h3
Red8 15. Nxd7 Rxd7 16. Qa4 Rb6 17. Nb3 Qb5 18. Qxb5 axb5 19. Be3 Rbd6 20. Bc5
Re6 21. Rxe6 fxe6 22. a4 bxa4 23. Rxa4 Rd1+ 24. Kh2 Nd5 25. Nd4 Kf7 26. Nf3 Bf6
27. Bxa7 Rb1 28. c4 Nf4 29. b4 e5 30. Be3 Nd3 31. b5 Rb2 32. b6 e4 33. Nd2 Be5+
34. Kg1 Nc5 35. Ra5 Nd7 36. Rb5 Ra2 37. g3 Bb8 38. Nxe4 Ne5 39. c5 Nf3+ 40. Kg2
Ne1+ 41. Kf1 Nc2 42. c6 1-0

[Event "CGC KO 2022"]
[Site "chess.com INT"]
[Date "2022.09.16"]
[Round "1.1"]
[White "Radjabov, Teimour"]
[Black "Hou, Yifan"]
[Result "1/2-1/2"]
[WhiteTitle "GM"]
[BlackTitle "GM"]
[WhiteElo "2747"]
[BlackElo "2650"]
[WhiteFideId "13400924"]
[BlackFideId "8602980"]
[EventDate "2022.09.14"]
[EventType "k.o."]

1. Nf3 Nf6 2. c4 b6 3. Nc3 Bb7 4. d4 e6 5. g3 Bb4 6. Bg2 O-O 7. O-O Bxc3 8. bxc3
Be4 9. Ba3 d6 10. Bh3 c5 11. Nd2 Bb7 12. Re1 Nc6 13. Bg2 Na5 14. e4 Rc8 15. Rc1
e5 16. d5 Ba6 17. Bf1 Qd7 18. Rb1 g6 19. Bd3 Nh5 20. Bc1 f6 21. Nb3 Bxc4 22.
Nxa5 Bxd3 23. Qxd3 bxa5 24. Qa6 Rb8 25. Bh6 Rfc8 26. Be3 a4 27. Qe2 Rb6 28. Rxb6
axb6 29. Rb1 Rb8 30. c4 Ng7 31. f4 Rb7 32. fxe5 dxe5 33. Qb2 Qg4 34. Qc2 Qd7 35.
Qb2 Qg4 36. Qc2 Qd7 37. Qb2 1/2-1/2

[Event "CGC KO 2022"]
[Site "chess.com INT"]
[Date "2022.09.17"]
[Round "1.1"]
[White "Robson, Ray"]
[Black "Ivanchuk, Vasyl"]
[Result "1-0"]
[WhiteTitle "GM"]
[BlackTitle "GM"]
[WhiteElo "2690"]
[BlackElo "2678"]
[WhiteFideId "2023970"]
[BlackFideId "14100010"]
[EventDate "2022.09.14"]
[EventType "k.o."]

1. d4 d5 2. c4 c6 3. Nf3 Nf6 4. e3 Bg4 5. h3 Bxf3 6. Qxf3 e6 7. Nc3 Nbd7 8. Bd3
Bb4 9. O-O O-O 10. Rd1 Re8 11. Bf1 Qe7 12. Bd2 dxc4 13. Bxc4 e5 14. Bb3 Rad8 15.
Rac1 h6 16. Ne2 Bxd2 17. Rxd2 Nb6 18. Ng3 g6 19. Rcd1 exd4 20. Rxd4 Kg7 21. h4
Rxd4 22. Rxd4 h5 23. Ne2 Nbd7 24. Nc3 Nc5 25. Bc4 Ng4 26. g3 Ne5 27. Qd1 Nxc4
28. Rxc4 Ne6 29. Ne2 Rd8 30. Qb3 Rd7 31. Nf4 Nxf4 32. Rxf4 Qe5 33. a3 a6 34. Qc2
Kg8 35. Re4 Qf6 36. Re8+ Kg7 37. Kg2 Rd8 38. Re4 Rd7 39. Rf4 Qe5 40. Kg1 Kg8 41.
a4 Qd6 42. Rd4 Qe7 43. Re4 Qd6 44. Re8+ Kh7 45. Qc3 f6 46. Qc4 Qd5 47. Qxd5 cxd5
48. Kf1 d4 49. Ke2 dxe3 50. Kxe3 Kg7 51. Re6 Kf7 52. Rb6 Ke7 53. b4 Kf7 54. f3
Ke7 55. g4 Kf7 56. Kf4 Rd4+ 57. Kg3 Rd7 58. a5 hxg4 59. fxg4 Re7 60. Kf4 Kg7 61.
h5 Rc7 62. Kf3 Rc3+ 63. Ke2 Rc7 64. Ke3 Rc3+ 65. Kd4 Rc7 66. Kd5 1-0

[Event "CGC KO 2022"]
[Site "chess.com INT"]
[Date "2022.09.14"]
[Round "1.1"]
[White "Sevian, Samuel"]
[Black "Svane, Rasmus"]
[Result "1-0"]
[WhiteTitle "GM"]
[BlackTitle "GM"]
[WhiteElo "2684"]
[BlackElo "2615"]
[WhiteFideId "2040506"]
[BlackFideId "4657101"]
[EventDate "2022.09.14"]
[EventType "k.o."]

1. c4 Nf6 2. Nc3 e5 3. Nf3 Nc6 4. a3 d5 5. cxd5 Nxd5 6. Qc2 Nxc3 7. dxc3 a5 8.
e4 Bc5 9. Bc4 O-O 10. Bg5 Qd6 11. Nh4 Re8 12. Rd1 Qf8 13. h3 Be6 14. Bd5 Be7 15.
Bxe7 Qxe7 16. Nf5 Qf6 17. Ne3 Rab8 18. O-O Ne7 19. Qa4 Bxd5 20. Nxd5 Nxd5 21.
Rxd5 b6 22. Rfd1 g6 23. Rd7 Re7 24. Rxe7 Qxe7 25. Rd7 Qg5 26. Qd1 Qf4 27. Qe2 b5
28. g3 Qc1+ 29. Kg2 b4 30. axb4 axb4 31. Qc4 Rf8 32. Qxb4 c5 33. Qxc5 Qxb2 34.
Qxe5 Qc2 35. Re7 Qa4 36. Rb7 Qa8 37. Qd5 h5 38. h4 Qa4 39. c4 Qe8 40. c5 1-0